[Event "IECG CP.2005.Q.00028 email"]
[Site "IECG email"]
[Date "2007.01.15"]
[Round "?"]
[White "Aguirre Izaguirre, Pedro Jose"]
[Black "Kocandrle, Jaroslav"]
[Result "0-1"]
[WhiteElo "1915"]
[BlackElo "2094"]
[PlyCount "51"]
[EventDate "2007.01.15"]
[EventType "tourn (corr)"]
[EventRounds "6"]
[EventCountry "RUS"]
[SourceTitle "Corr 2011"]
[Source "ChessBase"]
[SourceDate "2010.08.31"]
[SourceVersion "1"]
[SourceVersionDate "2010.08.31"]
[SourceQuality "1"]

1. d4 Nf6 2. Nf3 d5 3. Bg5 e6 4. Nbd2 Be7 5. e3 Nbd7 6. Bd3 0-0 7. c3 c5 8. 0-0 b6 9. Ne5 Bb7 10. f4 Ne4 11. Bxe7 Qxe7 12. Nxd7 Qxd7 13. Nf3 Qe7 14. Qe2 Rfd8 15. Rad1 Rac8 16. Ne5 f6 17. Nf3 Qc7 18. Nd2 Nxd2 19. Rxd2 a5 20. Qh5 g6 21. Qg4 Qe7 22. Rf3 Rc7 23. Rg3 f5 24. Qh5 c4 25. Bc2 b5 26. h3 0-1

[Event "IECG TE.2004.S.01704"]
[Site "IECG email"]
[Date "2006.02.04"]
[Round "?"]
[White "Kocandrle, Jaroslav"]
[Black "Geiger, Walter"]
[Result "1/2-1/2"]
[WhiteElo "2089"]
[BlackElo "2053"]
[PlyCount "90"]
[EventDate "2006.02.04"]
[EventType "tourn (corr)"]
[EventRounds "2"]
[SourceTitle "Corr 2008"]
[Source "ChessBase"]
[SourceDate "2008.06.24"]
[SourceVersion "1"]
[SourceVersionDate "2008.06.24"]
[SourceQuality "1"]

1. b4 e6 2. Bb2 Nf6 3. b5 a6 4. a4 axb5 5. axb5 Rxa1 6. Bxa1 d5 7. e3 Be7 8. Nf3 0-0 9. Be2 c5 10. c4 b6 11. 0-0 Bb7 12. d4 Nbd7 13. Nc3 dxc4 14. dxc5 Bxc5 15. Qa4 Qe7 16. Qxc4 Rc8 17. Qh4 Bb4 18. Na4 Nd5 19. Qxe7 Bxe7 20. Ne5 Nxe5 21. Bxe5 Ra8 22. Nc3 f6 23. Bd4 Nxc3 24. Bxc3 Bc5 25. Bc4 Ra3 26. Bb2 Ra5 27. Bxe6+ Kf8 28. Bc3 Ra3 29. Rc1 Ke7 30. Bg8 h6 31. Bb2 Ra5 32. Bc4 Ra4 33. Bf1 Kd6 34. Rd1+ Kc7 35. h3 Be4 36. Bd4 Bxd4 37. Rxd4 Rxd4 38. exd4 g5 39. f3 Bd5 40. Kf2 f5 41. Ke3 f4+ 42. Kd3 Kd6 43. Kc3 Be6 44. Bc4 Bxc4 45. Kxc4 h5 1/2-1/2

[Event "IECG TE.2004.S.01704"]
[Site "IECG email"]
[Date "2006.02.04"]
[Round "?"]
[White "Kocandrle, Jaroslav"]
[Black "Vlasov, Andrey"]
[Result "1/2-1/2"]
[WhiteElo "2089"]
[BlackElo "2222"]
[PlyCount "98"]
[EventDate "2006.02.04"]
[EventType "tourn (corr)"]
[EventRounds "2"]
[SourceTitle "Corr 2008"]
[Source "ChessBase"]
[SourceDate "2008.06.24"]
[SourceVersion "1"]
[SourceVersionDate "2008.06.24"]
[SourceQuality "1"]

1. b4 d5 2. Bb2 Nf6 3. e3 g6 4. Nf3 Bg7 5. c4 0-0 6. d4 b6 7. Nbd2 c5 8. b5 Be6 9. dxc5 bxc5 10. cxd5 Bxd5 11. Bc4 a6 12. a4 Bxc4 13. Nxc4 Qxd1+ 14. Rxd1 axb5 15. axb5 Ra4 16. Ncd2 Rb4 17. Bxf6 Bxf6 18. 0-0 Rxb5 19. Ne4 Bg7 20. Rd5 Rc8 21. Rfd1 f5 22. Rd8+ Rxd8 23. Rxd8+ Bf8 24. Ned2 Na6 25. Rc8 Rb2 26. g3 e5 27. e4 Kg7 28. exf5 gxf5 29. Nc4 Rb8 30. Rc6 e4 31. Nh4 Nb4 32. Nxf5+ Kf7 33. Nh6+ Ke8 34. Re6+ Kd7 35. Rf6 Nd5 36. Rf5 Bxh6 37. Rxd5+ Kc6 38. Rh5 Bc1 39. Na5+ Kb5 40. Nb3 Ba3 41. Nd4+ Ka4 42. Ne2 Rb1+ 43. Kg2 Re1 44. Nc3+ Kb3 45. Nb5 c4 46. Rxh7 Rd1 47. g4 Rd5 48. Rh3+ Rd3 49. g5 Bb2 1/2-1/2

[Event "IECG TE.2004.S.01704"]
[Site "IECG email"]
[Date "2006.02.04"]
[Round "?"]
[White "Niewold, Jaap"]
[Black "Kocandrle, Jaroslav"]
[Result "0-1"]
[WhiteElo "1686"]
[BlackElo "2089"]
[PlyCount "86"]
[EventDate "2006.02.04"]
[EventType "tourn (corr)"]
[EventRounds "2"]
[SourceTitle "Corr 2008"]
[Source "ChessBase"]
[SourceDate "2008.06.24"]
[SourceVersion "1"]
[SourceVersionDate "2008.06.24"]
[SourceQuality "1"]

1. b4 e5 2. Bb2 d6 3. e3 Nf6 4. Nf3 g6 5. Nc3 a6 6. Be2 Nc6 7. a3 Bg7 8. 0-0 0-0 9. e4 Be6 10. Ng5 Qe7 11. d3 Nd4 12. Nxe6 fxe6 13. Qd2 d5 14. Rae1 c5 15. bxc5 Qxc5 16. Bd1 Qd6 17. Nb1 Nc6 18. c4 dxc4 19. dxc4 Nd4 20. Qb4 Qc7 21. Nd2 Nd7 22. Qc3 Nc5 23. Qe3 Rf4 24. f3 Rd8 25. Rf2 Bh6 26. Ref1 Nd3 27. g3 Nxf2 28. Rxf2 Qc5 29. Qc3 Nxf3+ 30. Nxf3 Rxd1+ 31. Kg2 Rf8 32. Qxe5 Qxe5 33. Bxe5 Rd3 34. a4 Bg7 35. Bxg7 Kxg7 36. Ng5 Rxf2+ 37. Kxf2 e5 38. h4 h5 39. Kg2 Rc3 40. c5 Kf6 41. Nh7+ Ke7 42. Ng5 Rxc5 43. Nf3 a5 0-1

[Event "IECG TE.2004.S.01704"]
[Site "IECG email"]
[Date "2006.02.04"]
[Round "?"]
[White "Wurm, Tamas"]
[Black "Kocandrle, Jaroslav"]
[Result "0-1"]
[WhiteElo "1041"]
[BlackElo "2089"]
[PlyCount "50"]
[EventDate "2006.02.04"]
[EventType "tourn (corr)"]
[EventRounds "2"]
[SourceTitle "Corr 2008"]
[Source "ChessBase"]
[SourceDate "2008.06.24"]
[SourceVersion "1"]
[SourceVersionDate "2008.06.24"]
[SourceQuality "1"]

1. b4 e5 2. Bb2 d6 3. e4 Nf6 4. Nc3 Be7 5. Bc4 0-0 6. Nge2 Nc6 7. a3 a6 8. 0-0 h6 9. d4 exd4 10. Nxd4 Ne5 11. Bb3 c5 12. Nf5 Bxf5 13. exf5 Nc6 14. Qf3 cxb4 15. axb4 Nxb4 16. Qxb7 Rb8 17. Qf3 Nxc2 18. Bxc2 Rxb2 19. Ba4 d5 20. Rfd1 Bc5 21. Ra2 Rxa2 22. Nxa2 Ne4 23. Rf1 Nxf2 24. Rxf2 Qa5 25. Bb3 Qe1# 0-1

[Event "IECG CP.2002.S.00008 email"]
[Site "IECG email"]
[Date "2005.04.01"]
[Round "?"]
[White "Daus, Peter"]
[Black "Kocandrle, Jaroslav"]
[Result "1-0"]
[WhiteElo "2215"]
[BlackElo "2143"]
[PlyCount "61"]
[EventDate "2005.04.01"]
[EventType "tourn (corr)"]
[EventRounds "6"]
[SourceTitle "Corr 2008"]
[Source "ChessBase"]
[SourceDate "2008.06.24"]
[SourceVersion "1"]
[SourceVersionDate "2008.06.24"]
[SourceQuality "1"]

1. d4 Nf6 2. c4 g6 3. Nc3 Bg7 4. e4 d6 5. f4 0-0 6. Nf3 c5 7. dxc5 Qa5 8. Bd3 Qxc5 9. Qe2 Nc6 10. Be3 Qa5 11. 0-0 Ng4 12. Bd2 Nd4 13. Nxd4 Bxd4+ 14. Kh1 Qh5 15. h3 f5 16. exf5 Bxf5 17. Bxf5 gxf5 18. Nb5 Bxb2 19. Rab1 Bf6 20. Nc7 Rab8 21. Ne6 Rfc8 22. Kg1 Kf7 23. Rb5 h6 24. Re1 a6 25. Rd5 Kg6 26. Qd3 Rg8 27. Bc3 Bxc3 28. hxg4 Qxg4 29. Qxc3 Rbc8 30. Nd4 Rcf8 31. Rxe7 1-0

[Event "IECG CP.2002.S.00008 email"]
[Site "IECG email"]
[Date "2005.04.01"]
[Round "?"]
[White "Kocandrle, Jaroslav"]
[Black "McLeod, Sylvester"]
[Result "0-1"]
[WhiteElo "2143"]
[BlackElo "2085"]
[PlyCount "112"]
[EventDate "2005.04.01"]
[EventType "tourn (corr)"]
[EventRounds "6"]
[SourceTitle "Corr 2008"]
[Source "ChessBase"]
[SourceDate "2008.06.24"]
[SourceVersion "1"]
[SourceVersionDate "2008.06.24"]
[SourceQuality "1"]

1. e4 c5 2. Bc4 e6 3. Qe2 Nc6 4. c3 Nf6 5. d3 d6 6. f4 Be7 7. Nf3 0-0 8. 0-0 a6 9. Ng5 Na5 10. a3 Nxc4 11. dxc4 e5 12. Nf3 b6 13. fxe5 dxe5 14. Nxe5 Bb7 15. Nd2 Re8 16. Nxf7 Kxf7 17. e5 Kg8 18. exf6 Bxf6 19. Qg4 Qc8 20. Qxc8 Bxc8 21. a4 a5 22. Nf3 Ba6 23. Bf4 Bxc4 24. Rfe1 Bb3 25. Be5 Bxe5 26. Nxe5 Rad8 27. Nf3 Rxe1+ 28. Rxe1 Kf7 29. Re4 Rd1+ 30. Kf2 Rb1 31. Ne5+ Ke6 32. Nd3+ Kd6 33. Ke3 g5 34. Rg4 h6 35. h4 Be6 36. Rg3 g4 37. c4 h5 38. Kf4 Bxc4 39. Kg5 Bf7 40. Nf4 Rxb2 41. Nxh5 Bb3 42. Nf6 Bxa4 43. h5 Bc2 44. h6 a4 45. Re3 Rb4 46. Ra3 c4 47. Rc3 Bb1 48. h7 Bxh7 49. Nxh7 b5 50. Nf6 Rb3 51. Rc1 a3 52. Nxg4 b4 53. Kf4 a2 54. Ra1 Rb2 55. Ne3 Kc5 56. g4 b3 0-1

[Event "IECG TE.2005.P.01821 email"]
[Site "IECG email"]
[Date "2005.03.24"]
[Round "?"]
[White "Abbas, Ali"]
[Black "Kocandrle, Jaroslav"]
[Result "0-1"]
[WhiteElo "690"]
[BlackElo "2143"]
[PlyCount "56"]
[EventDate "2005.03.24"]
[EventType "tourn (corr)"]
[EventRounds "6"]
[SourceTitle "Corr 2024"]
[Source "ChessBase"]
[SourceDate "2023.10.19"]
[SourceVersion "1"]
[SourceVersionDate "2023.10.19"]
[SourceQuality "1"]

1. d4 Nf6 2. c4 c5 3. d5 b5 4. Nf3 Bb7 5. Nc3 b4 6. Nb1 e6 7. Nbd2 exd5 8. e3 dxc4 9. Nxc4 d5 10. Nce5 Bd6 11. Bd3 Qe7 12. Bb5+ Kd8 13. Nd3 a6 14. Qa4 axb5 15. Qxb5 Bc6 16. Qb6+ Kc8 17. Nxb4 Ba4 18. Bd2 Bc7 19. Qxb8+ Kxb8 20. Nd3 Ne4 21. Bc3 Bb5 22. Nde5 d4 23. exd4 cxd4 24. Bxd4 Qb4+ 25. Kd1 Bxe5 26. Bxe5+ Kb7 27. Re1 Rhd8+ 28. Kc1 Rac8+ 0-1

[Event "IECG TE.2005.P.01821 email"]
[Site "IECG email"]
[Date "2005.03.24"]
[Round "?"]
[White "Rogers, Henry"]
[Black "Kocandrle, Jaroslav"]
[Result "1/2-1/2"]
[WhiteElo "784"]
[BlackElo "2143"]
[PlyCount "121"]
[EventDate "2005.03.24"]
[EventType "tourn (corr)"]
[EventRounds "6"]
[SourceTitle "Corr 2024"]
[Source "ChessBase"]
[SourceDate "2023.10.19"]
[SourceVersion "1"]
[SourceVersionDate "2023.10.19"]
[SourceQuality "1"]

1. d4 Nf6 2. c4 c5 3. d5 b5 4. Nf3 Bb7 5. e3 e6 6. dxe6 fxe6 7. cxb5 d5 8. Ng5 Qd7 9. Be2 Bd6 10. 0-0 0-0 11. f4 h6 12. Nf3 a6 13. Nc3 axb5 14. Nxb5 Ba6 15. a4 Nc6 16. Qc2 Nb4 17. Qg6 Ne4 18. Nd2 Nf6 19. Nb3 c4 20. N3d4 Bxb5 21. Nxb5 Ne4 22. Nxd6 Rf6 23. Qh5 Qxd6 24. Bf3 Nc2 25. Rb1 Nc5 26. Kh1 Raf8 27. a5 Nd3 28. Bd1 Ncb4 29. Bd2 e5 30. Bf3 exf4 31. Bxb4 Nxb4 32. e4 Re6 33. exd5 Re5 34. Qg4 Qc5 35. a6 Nd3 36. Qh4 Qb6 37. Ra1 Kh7 38. g3 Nf2+ 39. Kg2 Qxb2 40. Rab1 Qc2 41. Rbc1 Qd2 42. Rxf2 Qxc1 43. d6 Qe1 44. a7 fxg3 45. hxg3 Rxf3 46. Rxf3 Re2+ 47. Kh3 Re4 48. Rf4 g5 49. Rf7+ Kg6 50. Rf6+ Kxf6 51. Qxh6+ Kf7 52. Qh7+ Ke6 53. Qe7+ Kf5 54. Qf7+ Ke5 55. Qg7+ Kxd6 56. Qf8+ Kc7 57. Qb8+ Kd7 58. Qb7+ Ke6 59. Qc8+ Kf7 60. Qf5+ Kg7 61. Qxg5+ 1/2-1/2

[Event "IECG TE.2005.P.01821 email"]
[Site "IECG email"]
[Date "2005.03.24"]
[Round "?"]
[White "Soman, Harshal"]
[Black "Kocandrle, Jaroslav"]
[Result "0-1"]
[WhiteElo "800"]
[BlackElo "2143"]
[PlyCount "32"]
[EventDate "2005.03.24"]
[EventType "tourn (corr)"]
[EventRounds "6"]
[SourceTitle "Corr 2024"]
[Source "ChessBase"]
[SourceDate "2023.10.19"]
[SourceVersion "1"]
[SourceVersionDate "2023.10.19"]
[SourceQuality "1"]

1. d4 Nf6 2. c4 c5 3. d5 b5 4. Nf3 Bb7 5. e3 e6 6. dxe6 fxe6 7. b3 b4 8. Bb2 Be7 9. Bd3 0-0 10. 0-0 Nc6 11. Nbd2 g6 12. a3 bxa3 13. Bxa3 a5 14. Ne4 Nb4 15. Nc3 Qb8 16. Bb2 Ng4 0-1

[Event "IECG TE.2004.P.01713 email"]
[Site "IECG email"]
[Date "2004.12.27"]
[Round "?"]
[White "Bertel, Michael"]
[Black "Kocandrle, Jaroslav"]
[Result "0-1"]
[WhiteElo "1769"]
[BlackElo "2143"]
[PlyCount "194"]
[EventDate "2004.12.27"]
[EventType "tourn (corr)"]
[EventRounds "8"]
[SourceTitle "Corr 2008"]
[Source "ChessBase"]
[SourceDate "2008.06.24"]
[SourceVersion "1"]
[SourceVersionDate "2008.06.24"]
[SourceQuality "1"]

1. b4 e5 2. Bb2 d6 3. c4 Nf6 4. e3 g6 5. Nf3 Bg7 6. d4 e4 7. Nfd2 0-0 8. Nc3 Re8 9. Be2 Nbd7 10. Qc2 Qe7 11. g4 h6 12. h4 g5 13. hxg5 hxg5 14. a4 a5 15. b5 c5 16. dxc5 Nxc5 17. Nd5 Nxd5 18. cxd5 Nd3+ 19. Bxd3 exd3 20. Qb3 Bxg4 21. Bxg7 Kxg7 22. Qxd3 Qe5 23. Qh7+ Kf6 24. Rh6+ Ke7 25. Qe4 Rh8 26. Rxh8 Rxh8 27. Rc1 Qxe4 28. Nxe4 Rh1+ 29. Kd2 Rxc1 30. Kxc1 Bf3 31. Nxg5 Bxd5 32. Kc2 Bg2 33. Kd3 d5 34. Ke2 f6 35. Nf3 Bxf3+ 36. Kxf3 Kd6 37. Kg4 Kc5 38. Kf5 Kb4 39. Kxf6 Kxa4 40. f4 Kxb5 41. Ke6 a4 42. f5 d4 43. exd4 a3 44. f6 a2 45. f7 a1Q 46. f8Q Qxd4 47. Qa3 Qc4+ 48. Kf6 Qc6+ 49. Kg7 Qc5 50. Qb3+ Kc6 51. Qe6+ Qd6 52. Qc4+ Kb6 53. Qf7 Qe5+ 54. Kh7 Kc6 55. Qg6+ Kd7 56. Qf7+ Qe7 57. Kh8 b6 58. Qd5+ Kc7 59. Qc4+ Qc5 60. Qf7+ Kb8 61. Qf4+ Qc7 62. Qg5 Qc3+ 63. Kh7 Qc6 64. Qg8+ Kb7 65. Qf7+ Qc7 66. Kh8 b5 67. Qd5+ Qc6 68. Qf7+ Kb8 69. Qf4+ Qc7 70. Qd4 Qc4 71. Qb6+ Kc8 72. Qa6+ Kd7 73. Qb7+ Kd8 74. Qb8+ Ke7 75. Qa7+ Kf6 76. Qf2+ Ke5 77. Qe1+ Kd5 78. Qa5 Qc5 79. Qa2+ Kd6 80. Qd2+ Kc6 81. Qh6+ Qd6 82. Qh1+ Kb6 83. Qg1+ Qc5 84. Qe1 b4 85. Qe6+ Kb7 86. Qf7+ Qc7 87. Qd5+ Kb6 88. Qe6+ Qc6 89. Qe3+ Kb5 90. Qe2+ Qc4 91. Qe8+ Kc5 92. Qf8+ Kd4 93. Qf4+ Kc3 94. Qc1+ Kb3 95. Qb1+ Ka3 96. Qa1+ Qa2 97. Qg1 b3 0-1

[Event "IECG TE.2004.P.01713 email"]
[Site "IECG email"]
[Date "2004.12.27"]
[Round "?"]
[White "Kocandrle, Jaroslav"]
[Black "Popstein, Sheila"]
[Result "1/2-1/2"]
[WhiteElo "2143"]
[BlackElo "1583"]
[PlyCount "93"]
[EventDate "2004.12.27"]
[EventType "tourn (corr)"]
[EventRounds "8"]
[SourceTitle "Corr 2008"]
[Source "ChessBase"]
[SourceDate "2008.06.24"]
[SourceVersion "1"]
[SourceVersionDate "2008.06.24"]
[SourceQuality "1"]

1. b4 c6 2. Bb2 Qb6 3. a3 d5 4. e3 Bf5 5. Nf3 Nf6 6. c4 Nbd7 7. cxd5 cxd5 8. Nc3 e6 9. Nh4 Bg6 10. Rc1 a6 11. Be2 Be7 12. 0-0 0-0 13. Nxg6 hxg6 14. Na4 Qa7 15. Bd4 b6 16. Qb3 Rfc8 17. d3 Ne8 18. Qb2 Bf6 19. Bxf6 Nexf6 20. d4 Ne4 21. f3 Nd6 22. e4 Qb7 23. e5 Nc4 24. Bxc4 Rxc4 25. Qd2 Rac8 26. Nb2 Rxc1 27. Rxc1 Rxc1+ 28. Qxc1 Nb8 29. Kf2 Nc6 30. Qc3 Na7 31. a4 Qc6 32. Qd2 Qc7 33. f4 Qe7 34. g3 Nc6 35. Nd3 Qb7 36. Qc3 Na7 37. Nb2 Qc6 38. Qd2 Qd7 39. Ke3 Qc7 40. Kd3 Qc6 41. Qc3 Qd7 42. Ke3 Kh8 43. g4 Kg8 44. Ke2 Kf8 45. Kd2 Kg8 46. h3 Kf8 47. Kd3 1/2-1/2

[Event "IECG TE.2004.P.01713 email"]
[Site "IECG email"]
[Date "2004.12.27"]
[Round "?"]
[White "Kocandrle, Jaroslav"]
[Black "Verhaeren, Gertjan"]
[Result "1-0"]
[WhiteElo "2143"]
[BlackElo "1362"]
[PlyCount "41"]
[EventDate "2004.12.27"]
[EventType "tourn (corr)"]
[EventRounds "8"]
[SourceTitle "Corr 2008"]
[Source "ChessBase"]
[SourceDate "2008.06.24"]
[SourceVersion "1"]
[SourceVersionDate "2008.06.24"]
[SourceQuality "1"]

1. b4 d5 2. Bb2 Nf6 3. e3 Bf5 4. Nf3 e6 5. a3 Nbd7 6. c4 c6 7. d4 Bd6 8. Nbd2 0-0 9. Be2 Re8 10. Ne5 Qc7 11. g4 Bg6 12. Nxg6 hxg6 13. g5 Ne4 14. Nxe4 dxe4 15. c5 Be7 16. h4 Rad8 17. Qc2 e5 18. h5 gxh5 19. g6 fxg6 20. Bc4+ Kh7 21. Qxe4 1-0

[Event "IECG TE.2004.P.01713 email"]
[Site "IECG email"]
[Date "2004.12.27"]
[Round "?"]
[White "Verhaeren, Gertjan"]
[Black "Kocandrle, Jaroslav"]
[Result "0-1"]
[WhiteElo "1362"]
[BlackElo "2143"]
[PlyCount "64"]
[EventDate "2004.12.27"]
[EventType "tourn (corr)"]
[EventRounds "8"]
[SourceTitle "Corr 2008"]
[Source "ChessBase"]
[SourceDate "2008.06.24"]
[SourceVersion "1"]
[SourceVersionDate "2008.06.24"]
[SourceQuality "1"]

1. b4 e5 2. Bb2 d6 3. e3 Nf6 4. c4 g6 5. a3 Bg7 6. Nf3 0-0 7. Be2 Re8 8. 0-0 Nbd7 9. d3 Qe7 10. Nbd2 b6 11. Qc2 Bb7 12. e4 h6 13. h3 Nf8 14. Nb3 Ne6 15. Nfd2 Nf4 16. Bf3 Nh7 17. Nc1 Ng5 18. Ne2 Nge6 19. Nxf4 Nxf4 20. Kh2 Bc8 21. a4 c5 22. b5 a6 23. a5 axb5 24. axb6 Rb8 25. Ra7 Qd8 26. b7 Bd7 27. g3 Nxh3 28. cxb5 Ng5 29. Qa4 Nxf3+ 30. Nxf3 Qb6 31. Qa6 Qxb5 32. Qxb5 Bxb5 0-1

[Event "IECG CP.2002.Q.00015 email"]
[Site "IECG email"]
[Date "2003.10.01"]
[Round "?"]
[White "Kocandrle, Jaroslav"]
[Black "Jensen, John Oland"]
[Result "1-0"]
[WhiteElo "2333"]
[BlackElo "2050"]
[PlyCount "119"]
[EventDate "2003.10.01"]
[EventType "tourn (corr)"]
[EventRounds "10"]
[SourceTitle "Corr 2008"]
[Source "ChessBase"]
[SourceDate "2008.06.24"]
[SourceVersion "1"]
[SourceVersionDate "2008.06.24"]
[SourceQuality "1"]

1. c4 Nf6 2. d4 g6 3. Nc3 Bg7 4. e4 d6 5. Nf3 0-0 6. Be2 e5 7. 0-0 Nc6 8. d5 Ne7 9. Ne1 Nd7 10. Nd3 f5 11. Bd2 Nf6 12. f3 f4 13. c5 g5 14. Rc1 Ng6 15. cxd6 cxd6 16. Nb5 Bd7 17. Qb3 Qb6+ 18. Nf2 g4 19. Nc7 Qxb3 20. axb3 g3 21. hxg3 fxg3 22. Nh1 Rac8 23. Ne6 Bxe6 24. dxe6 Nh5 25. Bc4 Ne7 26. b4 a6 27. Rfd1 Bf6 28. b5 axb5 29. Bxb5 Kg7 30. Bc3 Bg5 31. Rb1 Rc5 32. Bd7 Rc4 33. Rd3 Kf6 34. Rxd6 Be3+ 35. Kf1 Nf4 36. Nxg3 Rg8 37. Ne2 Nxg2 38. Rd3 h5 39. Rxe3 Nxe3+ 40. Kf2 Nc2 41. f4 Rxe4 42. Rc1 Nb4 43. Kf3 Rxe2 44. Kxe2 Nbc6 45. fxe5+ Kf5 46. Rh1 Rh8 47. Kf3 h4 48. Rf1 h3 49. Kg3+ Ke4 50. Re1+ Kd3 51. Rh1 Nf5+ 52. Kh2 Ke2 53. Re1+ Kf2 54. e7 Ncxe7 55. Rg1 Kf3 56. e6 Rh7 57. Rf1+ Ke4 58. Ba4 Ne3 59. Rf7 Rh6 60. Bb3 1-0

[Event "IECG CP.2002.Q.00015 email"]
[Site "IECG email"]
[Date "2003.10.01"]
[Round "?"]
[White "Nett, Philipp"]
[Black "Kocandrle, Jaroslav"]
[Result "1/2-1/2"]
[WhiteElo "1911"]
[BlackElo "2333"]
[PlyCount "43"]
[EventDate "2003.10.01"]
[EventType "tourn (corr)"]
[EventRounds "10"]
[SourceTitle "Corr 2008"]
[Source "ChessBase"]
[SourceDate "2008.06.24"]
[SourceVersion "1"]
[SourceVersionDate "2008.06.24"]
[SourceQuality "1"]

1. d4 Nf6 2. c4 e6 3. Nf3 d5 4. e3 dxc4 5. Bxc4 c5 6. Nc3 a6 7. 0-0 b5 8. Be2 Bb7 9. dxc5 Bxc5 10. Qxd8+ Kxd8 11. a3 Nbd7 12. b4 Bd6 13. Rd1 Ke7 14. Bb2 Rac8 15. Ng5 Rhf8 16. a4 h6 17. axb5 hxg5 18. bxa6 Ba8 19. b5 Rh8 20. Ba3 Bxa3 21. Rxa3 Nb6 22. f3 1/2-1/2